000
00275nam a2200109Ia 4500
008
190216s9999||||xx |||||||||||||| ||und||
100
_a
Shankara Kurup G
245
0
_a
Malayalam-Umarkhayyamum Mattu Kavikalum
260
_b
Amina Book Stall
650
_a
Malayalam
942
_c
BK
999
_c
25128
_d
25128